Catálogo

Vista normal Vista MARC

Entrada Personal Name

Número de registros utilizados en: 3

001 - CONTROL NUMBER

  • control field: 4170

003 - CONTROL NUMBER IDENTIFIER

  • control field: DLC

005 - DATE AND TIME OF LATEST TRANSACTION

  • control field: 20220718082155.0

008 - FIXED-LENGTH DATA ELEMENTS

  • fixed length control field: 970423n| acannaab| |n aaa ||| b

010 ## - LIBRARY OF CONGRESS CONTROL NUMBER

  • LC control number: n 97801454

040 ## - CATALOGING SOURCE

  • Original cataloging agency: DNLM
  • Transcribing agency: Mx-PuUPA
  • Language of cataloging: spa
  • Modifying agency: Mx-PuUPA
  • Description conventions: rda

046 ## - SPECIAL CODED DATES

  • Birth date: 1948

100 10 - HEADING--PERSONAL NAME

  • Personal name: Silverthorn, Dee Unglaub,
  • Dates associated with a name: 1948-

374 ## - OCCUPATION

  • Occupation: Autor

375 ## - GENDER

  • Gender: hombre

377 ## - ASSOCIATED LANGUAGE

  • Language code: eng

670 ## - SOURCE DATA FOUND

  • Source citation: Human physiology, 1997:
  • Information found: CIP t.p. (Dee Unglaub Silverthorn, Univ. of Texas) data sh. (b. Dec. 3, 1948)